An introduction to government and politics : (Record no. 21869)

MARC details
000 -LEADER
fixed length control field 01069nam a2200313 a 4500
001 - CONTROL NUMBER
control field 1101126
003 - CONTROL NUMBER IDENTIFIER
control field MUT
005 - DATE AND TIME OF LATEST TRANSACTION
control field 20240606081546.0
008 - FIXED-LENGTH DATA ELEMENTS--GENERAL INFORMATION
fixed length control field 921208s1990 onca b 001 0 eng
010 ## - LIBRARY OF CONGRESS CONTROL NUMBER
LC control number 92247525
020 ## - INTERNATIONAL STANDARD BOOK NUMBER
International Standard Book Number 0176034854
040 ## - CATALOGING SOURCE
Original cataloging agency DLC
Transcribing agency MUT
043 ## - GEOGRAPHIC AREA CODE
Geographic area code n-cn---
050 00 - LIBRARY OF CONGRESS CALL NUMBER
Classification number JC131
Item number .D52 1990
082 00 - DEWEY DECIMAL CLASSIFICATION NUMBER
Classification number 320
Edition information 20
100 1# - MAIN ENTRY--PERSONAL NAME
Personal name Dickerson, M. O.,
Dates associated with a name 1934-
245 13 - TITLE STATEMENT
Title An introduction to government and politics :
Remainder of title a conceptual approach /
250 ## - EDITION STATEMENT
Edition statement 3rd ed.
260 ## - PUBLICATION, DISTRIBUTION, ETC.
Place of publication, distribution, etc. Scarborough, Ont. :
Name of publisher, distributor, etc. Nelson Canada,
Date of publication, distribution, etc. 1990.
300 ## - PHYSICAL DESCRIPTION
Extent viii, 451 p. :
Other physical details ill. ;
Dimensions 23 cm.
504 ## - BIBLIOGRAPHY, ETC. NOTE
Bibliography, etc. note Includes bibliographical references (p. 415-436) and index.
650 #0 - SUBJECT ADDED ENTRY--TOPICAL TERM
Topical term or geographic name entry element Political science.
650 #0 - SUBJECT ADDED ENTRY--TOPICAL TERM
Topical term or geographic name entry element Comparative government.
651 #0 - SUBJECT ADDED ENTRY--GEOGRAPHIC NAME
Geographic name Canada
General subdivision Politics and government.
700 1# - ADDED ENTRY--PERSONAL NAME
Personal name Flanagan, Thomas,
Dates associated with a name 1944-
906 ## - LOCAL DATA ELEMENT F, LDF (RLIN)
a 7
b cbc
c orignew
d 3
e ncip
f 19
g y-gencatlg
942 ## - ADDED ENTRY ELEMENTS (KOHA)
Source of classification or shelving scheme Library of Congress Classification
Koha item type Books
Holdings
Withdrawn status Lost status Source of classification or shelving scheme Damaged status Not for loan Home library Current library Shelving location Date acquired Source of acquisition Total checkouts Full call number Barcode Date last seen Price effective from Koha item type
    Library of Congress Classification     Murang'a University of Technology Library Murang'a University of Technology Library General stacks 08/06/2022 Donation- TFC   JC 131.D52 1990 030412 30/08/2024 08/06/2022 Books